Cities With The Most JetPunk Users - Statistics

General Stats
  • This quiz has been taken 26 times
  • The average score is 6 of 10
Answer Stats
Population City % of JetPunk Users % Correct
9,304,000 London, United Kingdom 3.85
96%
13,171,056 Paris, France 5.81%
87%
18,805,000 New York City, United States 1.33%
83%
4,926,000 Sydney, Australia 0.72%
61%
6,197,000 Toronto, Canada 0.65%
61%
8,862,000 Chicago, United States 1.06%
48%
6,618,000 Madrid, Spain 0.73%
48%
4,968,000 Melbourne, Australia 0.72%
43%
1,798,000 Warsaw, Poland 2.25%
35%
2,517,600 Frankfurt, Germany 0.77%
4%
No matching quizzes found
Score Distribution
Percent of People with Each Score
Percentile by Number Answered
Your Score History
You have not taken this quiz